000 00895cam a2200181 4500
001 X103074
008 000000n1999 000 0 eng u
035 _a(Sirsi) u103074
245 _aCoventry & Solihull Waste Disposal Co v Russell (Valuation Officer)
260 _c1999
490 _aNew Property Cases
_v [1999] NPC 146, 27 November 1999
520 _aHL 25 November 1999. Electricity Generators (Rateable Values) Order 1989 construed so as to exclude certain waste destruction plants whose generation of electricity is subordinate to the destruction of waste. TAKEN FROM JOURNAL HEADNOTE - NO PHOTOCOPYING ALLOWED.
650 _aCOVENTRY & SOLIHULL WASTE DISPOSAL CO V RUSSELL (VO)
650 _aELECTRICITY GENERATORS (RATEABLE VALUES) ORDER 1989
650 _aELECTRICITY INDUSTRY (RATEABLE VALUES) (AMENDMENT) ORDER 1991
690 _aRATING AND VALUATION-CASE LAW
942 _n0
999 _c61943
_d61943